Nebraska Geography Quiz - Sudden Death - Statistics

General Stats
  • This quiz has been taken 203 times
  • The average score is 13 of 20
Answers on the Grid
Answers color-coded by a green-red scale on the quiz's grid according to % correct below.
Appalachian Mountains
Badlands National Park
Bellevue
Bismarck
Chimney Rock
Colorado Springs
Death Valley National Park
Glacier National Park
Grand Island
Great Falls
Great Plains
Great Salt Lake
Kearney
Lake Superior
Lewis and Clark National Historic Trail
Lincoln
Long Island Sound
Missouri River
Moab
Mormon Pioneer National Historic Trail
Mount Hood
Mount Rushmore National Park
Niobrara River
Oglala National Grassland
Oklahoma Panhandle
Omaha
Oregon National Historic Trail
Panorama Point
Pierre
Pike's Peak
Platte River
Pony Express National Historic Trail
Republican River
Rio Grande
Sandhillls
Scotts Bluff National Monument
Topeka
Upper Peninsula
White River
Wichita
 
Answer Stats
Answer % Correct
Kearney
84%
Lincoln
83%
Bellevue
81%
Chimney Rock
80%
Grand Island
78%
Great Plains
76%
Omaha
74%
Lewis and Clark National Historic Trail
72%
Platte River
72%
Missouri River
70%
Scotts Bluff National Monument
64%
Oglala National Grassland
61%
Pony Express National Historic Trail
61%
Sandhillls
60%
Niobrara River
59%
Mormon Pioneer National Historic Trail
55%
Oregon National Historic Trail
53%
Panorama Point
45%
Republican River
44%
White River
39%
No matching quizzes found
Score Distribution
Percent of People with Each Score
Percentile by Number Answered
Your Score History
You have not taken this quiz